000 00303nam a22001337a 4500
008 180813b xxu||||| |||| 00| 0 eng d
020 _a9781605470283
041 _aeng
080 _a616-053.2
100 _a8
101 _aPED
245 _aEssentials of Pediatrics Nurisng
_cKyle,T
942 _2udc
_cBK
999 _c47025
_d47025